Statistics for What's the Time? #1

Click here to take the quiz!

General Stats

  • This quiz has been taken 338 times
  • The average score is 5 of 5

Answers on the Map

Answers color-coded by a green-red scale on the quiz's map according to % correct below.
 

Answer Stats

Time% Correct
8:30
98%
9:10
98%
1:30
94%
6:50
89%
4:15
85%

Score Distribution

Percentile by Number Answered

Percent of People with Each Score

Your Score History

You have not taken this quiz